[Event "Rodovremesterskabet Gruppe C 2005"]
[Site "Rodovre"]
[Date "2005.09.06"]
[Round "1"]
[White "Lindberg, Ole"]
[Black "Gemzoe, Bjorn"]
[Result "1-0"]
[WhiteElo "1178"]
[BlackElo "1344"]
[PlyCount "47"]
[EventDate "2005.??.??"]
[SourceDate "2005.09.07"]

1. e4 e6 2. d4 Ne7 3. Nf3 Ng6 4. Nc3 b6 5. Bd3 Bb7 6. a3 Be7 7. Be3 d6 8. Qe2
a6 9. d5 e5 10. b4 Nd7 11. Qd2 h6 12. Bc4 Nf6 13. a4 Bc8 14. b5 a5 15. h3 Nh7
16. Ne2 Nf6 17. Ng3 Bd7 18. Bd3 Qc8 19. c4 Nh7 20. Nh5 O-O 21. Bxh6 gxh6 22.
Qxh6 Bf6 23. Ng5 Nxg5 24. Nxf6# 1-0

[Event "Rodovremesterskabet Gruppe C 2005"]
[Site "Rodovre"]
[Date "2005.09.06"]
[Round "1"]
[White "Nielsen, Borge2"]
[Black "Pedersen, Claus"]
[Result "0-1"]
[WhiteElo "1355"]
[BlackElo "1318"]
[PlyCount "50"]
[EventDate "2005.??.??"]
[SourceDate "2005.09.07"]

1. e4 e5 2. Nf3 d6 3. Nc3 Nf6 4. d4 exd4 5. Nxd4 Be7 6. Bd3 Bd7 7. O-O Nc6 8.
Nf3 O-O 9. Be3 a6 10. Qd2 Re8 11. a3 Bf8 12. Bg5 Be7 13. Rae1 Ne5 14. Nxe5 dxe5
15. b4 Be6 16. f4 exf4 17. Qxf4 Qd4+ 18. Kh1 Qxc3 19. Rf3 Qxe1+ 20. Rf1 Qc3 21.
e5 Nh5 22. Qf3 g6 23. Bf6 Qd4 24. c3 Qxc3 25. Bxe7 Rxe7 0-1

[Event "Rodovremesterskabet Gruppe C 2005"]
[Site "Rodovre"]
[Date "2005.09.06"]
[Round "1"]
[White "Opstrup, Niels"]
[Black "Rugaard, Michael R"]
[Result "1-0"]
[WhiteElo "1096"]
[BlackElo "1300"]
[PlyCount "101"]
[EventDate "2005.??.??"]
[SourceDate "2005.09.07"]

1. d4 e6 2. c4 Nf6 3. Nf3 b6 4. g3 Bb7 5. Bg2 d6 6. O-O Be7 7. Nc3 Nbd7 8. Re1
O-O 9. d5 exd5 10. Nh4 Rb8 11. cxd5 Ng4 12. Nf5 Bf6 13. e4 Ba6 14. Qxg4 Ne5 15.
Qd1 Re8 16. Re3 g6 17. Nd4 Qd7 18. f4 Nc4 19. Re1 b5 20. b3 Nb6 21. Rb1 Bg7 22.
Bb2 b4 23. Nce2 Qc8 24. Nc6 Ra8 25. Bxg7 Kxg7 26. Qd4+ f6 27. Qxb4 Nd7 28. Ned4
Nc5 29. Qd2 Kf7 30. Re3 Qb7 31. Rbe1 Qb6 32. Kh1 h5 33. f5 g5 34. Ne6 Rh8 35.
h4 gxh4 36. gxh4 Rag8 37. Nf4 Nd7 38. Ng6 Rh7 39. Nce7 Re8 40. Nc6 Nf8 41. Nxf8
Rxf8 42. Rg3 Bb5 43. Nd4 Bd7 44. Kh2 Rg7 45. Rxg7+ Kxg7 46. Ne6+ Bxe6 47. dxe6
Qc5 48. Re3 Qe5+ 49. Rg3+ Kh7 50. Kh3 d5 51. Rg6 1-0

[Event "Rodovremesterskabet Gruppe C 2005"]
[Site "Rodovre"]
[Date "2005.09.06"]
[Round "1"]
[White "Petersen, Steen2"]
[Black "Hviid, Jens Carl"]
[Result "1/2-1/2"]
[WhiteElo "1241"]
[BlackElo "1409"]
[PlyCount "74"]
[EventDate "2005.??.??"]
[SourceDate "2005.09.07"]

1. c4 Nf6 2. d3 g6 3. e4 d6 4. h3 Bg7 5. Nf3 c5 6. Be2 O-O 7. O-O a6 8. a4 Nc6
9. Nc3 Nd7 10. Rb1 Nde5 11. Nxe5 Bxe5 12. Nd5 e6 13. Ne3 Nd4 14. b3 f5 15. f4
Bg7 16. Bb2 Bd7 17. Ba1 b5 18. Nc2 Nxe2+ 19. Qxe2 bxa4 20. Bxg7 Kxg7 21. e5
axb3 22. Rxb3 Ba4 23. Rb6 Bxc2 24. Rxd6 Bxd3 25. Qxd3 Qh4 26. Rxe6 Rad8 27. Qa3
Rd4 28. Qxc5 Rxf4 29. Rxf4 Qxf4 30. Rxa6 Qc1+ 31. Kf2 Qf4+ 32. Kg1 Qc1+ 33. Kh2
Qf4+ 34. g3 Qd2+ 35. Kg1 Qe1+ 36. Kg2 Qe4+ 37. Kf2 Qc2+ 1/2-1/2

[Event "Rodovremesterskabet Gruppe C 2005"]
[Site "Rodovre"]
[Date "2005.09.06"]
[Round "1"]
[White "Vestergaard, John"]
[Black "Clausen, Leif"]
[Result "1-0"]
[WhiteElo "1291"]
[BlackElo "1076"]
[PlyCount "51"]
[EventDate "2005.??.??"]
[SourceDate "2005.09.07"]

1. d4 f5 2. c4 Nf6 3. Nc3 e6 4. Bg5 Be7 5. Nf3 d6 6. e3 O-O 7. Bd3 b6 8. O-O
Bb7 9. Nd2 d5 10. Bxf6 Rxf6 11. cxd5 Bxd5 12. Nxd5 Qxd5 13. Bc4 Qd7 14. Qf3 c6
15. Rac1 Kh8 16. Rfd1 Qc8 17. Bb3 Bd6 18. d5 c5 19. dxe6 Nc6 20. Nc4 Ne5 21.
Nxe5 Bxe5 22. Rd7 Rf8 23. Rcd1 g6 24. e7 Re8 25. Qxa8 Qxd7 26. Rxd7 1-0

[Event "Rodovremesterskabet Gruppe C 2005"]
[Site "Rodovre"]
[Date "2005.09.13"]
[Round "2"]
[White "Hviid, Jens Carl"]
[Black "Gemzoe, Bjorn"]
[Result "0-1"]
[WhiteElo "1409"]
[BlackElo "1344"]
[PlyCount "78"]
[EventDate "2005.??.??"]
[SourceDate "2005.09.07"]

1. c4 e6 2. Nc3 Ne7 3. g3 Ng6 4. Nf3 b6 5. Bg2 Bb7 6. d4 Be7 7. O-O d6 8. e4
Nd7 9. b3 Rc8 10. Bb2 O-O 11. Qe2 c5 12. d5 e5 13. Bc1 h6 14. Bd2 Ra8 15. Ne1
Bc8 16. f4 Nf6 17. fxe5 Nxe5 18. Bf4 Bg4 19. Qd2 g5 20. Bxe5 dxe5 21. Nf3 Bxf3
22. Rxf3 a6 23. Rd1 Qd6 24. Rdf1 Ra7 25. Rf5 Ne8 26. Bh3 Ng7 27. R5f2 Bd8 28.
Nd1 h5 29. Ne3 g4 30. Bg2 Bg5 31. Qe1 Qh6 32. Nf5 Nxf5 33. Rxf5 Be3+ 34. Kh1 f6
35. Qe2 Rg7 36. d6 Bd4 37. h3 Rd7 38. Kh2 Rxd6 39. hxg4 hxg4+ 0-1

[Event "Rodovremesterskabet Gruppe C 2005"]
[Site "Rodovre"]
[Date "2005.09.13"]
[Round "2"]
[White "Nielsen, Borge2"]
[Black "Petersen, Steen2"]
[Result "1/2-1/2"]
[WhiteElo "1355"]
[BlackElo "1241"]
[PlyCount "59"]
[EventDate "2005.??.??"]
[SourceDate "2005.09.07"]

1. e4 e5 2. Nf3 d6 3. Nc3 Nf6 4. Bc4 h6 5. O-O Be7 6. d3 O-O 7. h3 Nc6 8. a3
Nd4 9. Be3 c5 10. Nd5 Re8 11. c3 Nxf3+ 12. Qxf3 Be6 13. Nxf6+ Bxf6 14. Bxe6
Rxe6 15. Qg4 Be7 16. f4 exf4 17. Bxf4 Rg6 18. Qe2 Bg5 19. Rf3 Bxf4 20. Rxf4 Qb6
21. Kh2 Qc7 22. g3 Re8 23. Qf3 Ree6 24. Rf1 Rgf6 25. Qg4 Rxf4 26. Rxf4 Qe7 27.
Rf2 Rf6 28. Rxf6 Qxf6 29. Qc8+ Kh7 30. Qf5+ 1/2-1/2

[Event "Rodovremesterskabet Gruppe C 2005"]
[Site "Rodovre"]
[Date "2005.09.13"]
[Round "2"]
[White "Opstrup, Niels"]
[Black "Vestergaard, John"]
[Result "1/2-1/2"]
[WhiteElo "1096"]
[BlackElo "1291"]
[PlyCount "79"]
[EventDate "2005.??.??"]
[SourceDate "2005.09.07"]

1. d4 d5 2. c4 c6 3. Nf3 Bg4 4. e3 Nf6 5. Nc3 e6 6. c5 b6 7. cxb6 axb6 8. Be2
Bd6 9. Ng5 Bxe2 10. Qxe2 h6 11. Nf3 O-O 12. e4 dxe4 13. Nxe4 Nxe4 14. Qxe4 Re8
15. O-O Qc7 16. Qg4 Kf8 17. b3 Nd7 18. Qh4 e5 19. Bxh6 gxh6 20. Qxh6+ Ke7 21.
Rfe1 Kd8 22. Ng5 f6 23. Nf7+ Kc8 24. d5 c5 25. Nxd6+ Qxd6 26. Qd2 Rh8 27. h3
Rh4 28. Qd3 Rd4 29. Qg6 Qxd5 30. a4 Qxb3 31. Reb1 Qd5 32. a5 Rxa5 33. Rxa5 Rd1+
34. Kh2 Rxb1 35. Qe8+ Kc7 36. Ra7+ Kc6 37. Qa8+ Kd6 38. Qd8 Ke6 39. Qg8+ Kd6
40. Qd8 1/2-1/2

[Event "Rodovremesterskabet Gruppe C 2005"]
[Site "Rodovre"]
[Date "2005.09.13"]
[Round "2"]
[White "Pedersen, Claus"]
[Black "Lindberg, Ole"]
[Result "1-0"]
[WhiteElo "1318"]
[BlackElo "1178"]
[PlyCount "85"]
[EventDate "2005.??.??"]
[SourceDate "2005.09.07"]

1. e4 e5 2. Nf3 Nc6 3. Bb5 d6 4. O-O Nf6 5. Re1 Bg4 6. h3 Bh5 7. c3 Be7 8. d4
O-O 9. d5 Nb8 10. Qd3 a6 11. Ba4 b5 12. Bd1 Nbd7 13. b4 Nb6 14. Na3 Bg6 15. Nd2
Nbxd5 16. f3 Nh5 17. c4 Ndf4 18. Qc2 Bh4 19. Re3 Qg5 20. Nf1 Nxh3+ 21. Kh2 N3f4
22. Rb3 Bg3+ 23. Nxg3 Qxg3+ 24. Kh1 Ne6 25. Be3 Qh4+ 26. Kg1 Qe1+ 27. Kh2 Nhf4
28. Bf2 Qf1 29. Bg1 Nd4 30. Bxd4 exd4 31. Qd2 bxc4 32. Rbb1 Nxg2 33. Qxg2 Qxg2+
34. Kxg2 d5 35. Rc1 dxe4 36. Rxc4 exf3+ 37. Bxf3 Ra7 38. Rxd4 f6 39. Bc6 f5 40.
Nc4 Rf6 41. Na5 f4 42. Rf1 Bf7 43. Rd8+ 1-0

[Event "Rodovremesterskabet Gruppe C 2005"]
[Site "Rodovre"]
[Date "2005.09.13"]
[Round "2"]
[White "Rugaard, Michael R"]
[Black "Clausen, Leif"]
[Result "1-0"]
[WhiteElo "1300"]
[BlackElo "1076"]
[PlyCount "79"]
[EventDate "2005.??.??"]
[SourceDate "2005.09.07"]

1. d4 f5 2. c4 Nf6 3. Nc3 e6 4. Nf3 Be7 5. Bd2 b6 6. e3 Bb7 7. Be2 O-O 8. O-O
c5 9. Ng5 cxd4 10. exd4 Bb4 11. a3 Bxc3 12. bxc3 Ne4 13. Nxe4 Bxe4 14. Bf4 Bb7
15. Qd2 Nc6 16. d5 Na5 17. Rab1 Ba6 18. Qd4 Rc8 19. Rb4 Nb7 20. Rd1 Nc5 21. Be5
Qe7 22. h4 d6 23. Bh2 e5 24. Qd2 Qxh4 25. Qa2 Ne4 26. Rf1 Nxc3 27. Qd2 Ne4 28.
Qc2 Bb7 29. Qd3 Nc5 30. Qc2 f4 31. a4 Na6 32. Rb3 Bxd5 33. Rh3 Qg5 34. Qxh7+
Kf7 35. cxd5 Nc5 36. Qc2 Rh8 37. Qc3 Rxh3 38. Qxh3 Nxa4 39. Qxc8 Qe7 40. Rc1
1-0

[Event "Rodovremesterskabet Gruppe C 2005"]
[Site "Rodovre"]
[Date "2005.09.20"]
[Round "3"]
[White "Gemzoe, Bjorn"]
[Black "Opstrup, Niels"]
[Result "1-0"]
[WhiteElo "1344"]
[BlackElo "1096"]
[PlyCount "115"]
[EventDate "2005.??.??"]
[SourceDate "2005.09.07"]

1. e3 d5 2. Ne2 e6 3. Ng3 Nf6 4. Be2 c5 5. b3 Nc6 6. Bb2 d4 7. e4 e5 8. d3 Be6
9. Bc1 h6 10. O-O Qd7 11. f4 Bg4 12. f5 Bxe2 13. Qxe2 O-O-O 14. Na3 h5 15. Bg5
Be7 16. Bxf6 gxf6 17. Nxh5 Rdg8 18. Qf3 Rg5 19. Ng3 Qe8 20. Kf2 Rh4 21. Ne2 Qg8
22. Rh1 Rgg4 23. g3 Rh7 24. h3 Rgg7 25. Rag1 Nb4 26. Ra1 Rh6 27. c3 Nc6 28. c4
Rgh7 29. h4 Bf8 30. Rag1 Rh5 31. Rg2 Rh8 32. Rgh2 R5h7 33. Nc2 Bh6 34. a3 Qd8
35. g4 Qa5 36. Rd1 Qb6 37. Rb1 Na5 38. b4 Nc6 39. Rhh1 cxb4 40. axb4 Qc7 41.
Ra1 Be3+ 42. Nxe3 dxe3+ 43. Kg3 Nd4 44. Qxe3 b6 45. Ra2 Rg7 46. Rha1 Kb8 47.
Rxa7 Qxa7 48. Rxa7 Kxa7 49. Nxd4 exd4 50. Qxd4 Rhg8 51. Qd7+ Kb8 52. g5 fxg5
53. h5 f6 54. Qd6+ Kb7 55. Qxf6 g4 56. b5 Rg5 57. h6 Rh5 58. Qf7+ 1-0

[Event "Rodovremesterskabet Gruppe C 2005"]
[Site "Rodovre"]
[Date "2005.09.20"]
[Round "3"]
[White "Lindberg, Ole"]
[Black "Petersen, Steen2"]
[Result "0-1"]
[WhiteElo "1178"]
[BlackElo "1241"]
[PlyCount "116"]
[EventDate "2005.??.??"]
[SourceDate "2005.09.07"]

1. e4 e5 2. Nf3 d6 3. c3 Nf6 4. Be2 Nxe4 5. Qa4+ Bd7 6. Qxe4 Bc6 7. Qc2 Qf6 8.
d4 h6 9. dxe5 dxe5 10. Be3 Bd6 11. Nbd2 O-O 12. Ne4 Qg6 13. Nfd2 Qxg2 14. O-O-O
Qg6 15. Rhg1 Qe6 16. Qb3 Qxb3 17. Nxb3 Bxe4 18. Bxh6 Bg6 19. Be3 Nd7 20. Bc4 b6
21. Rxg6 Kh7 22. Rg5 g6 23. Rg4 Kg7 24. Rdg1 Rh8 25. f4 exf4 26. Bd4+ Be5 27.
Rxf4 Raf8 28. Rgf1 f6 29. Bxe5 Nxe5 30. Be2 Rxh2 31. Bb5 c6 32. Bc4 b5 33. Rxf6
Rxf6 34. Rxf6 Kxf6 35. Bf1 Rh1 36. Nd2 Ng4 37. Ne4+ Ke5 38. Ng3 Rg1 39. Ne2
Rxf1+ 40. Kd2 Rf2 41. Kd3 c5 42. b3 c4+ 43. bxc4 bxc4+ 44. Kd2 g5 45. Ke1 Rf3
46. Kd2 Rd3+ 47. Ke1 Nf6 48. Kf2 Ne4+ 49. Ke1 Nxc3 50. Nc1 Rd1+ 51. Kf2 Rxc1
52. Ke3 Nxa2 53. Kd2 g4 54. Ke2 Kf4 55. Kf2 Rc2+ 56. Kg1 g3 57. Kh1 Kf3 58. Kg1
Rc1# 0-1

[Event "Rodovremesterskabet Gruppe C 2005"]
[Site "Rodovre"]
[Date "2005.09.20"]
[Round "3"]
[White "Rugaard, Michael R"]
[Black "Nielsen, Borge2"]
[Result "1-0"]
[WhiteElo "1300"]
[BlackElo "1355"]
[PlyCount "74"]
[EventDate "2005.??.??"]
[SourceDate "2005.09.07"]

1. d4 d5 2. c4 Nf6 3. Nc3 c6 4. Bf4 Nbd7 5. e3 e6 6. c5 b6 7. b4 bxc5 8. bxc5
Qa5 9. Qd2 Qd8 10. Bd3 Be7 11. Nf3 Nh5 12. O-O Nxf4 13. exf4 O-O 14. Rab1 Nf6
15. Rb2 Nh5 16. Ne2 g6 17. Rfb1 Qc7 18. Bc2 Bd7 19. Rb7 Qd8 20. Ne5 Be8 21. Ba4
Qc8 22. R1b3 Bd8 23. Qb2 f6 24. Nf3 Bc7 25. Qc1 Rf7 26. Qb1 Nxf4 27. Nxf4 Bxf4
28. g3 Bc7 29. Rb2 e5 30. dxe5 fxe5 31. Bd1 Bd7 32. Be2 Bg4 33. Ng5 Bf5 34. Bd3
Bxd3 35. Qxd3 Re7 36. Qa6 Re8 37. Qxc6 Bd8 1-0

[Event "Rodovremesterskabet Gruppe C 2005"]
[Site "Rodovre"]
[Date "2005.09.27"]
[Round "4"]
[White "Gemzoe, Bjorn"]
[Black "Pedersen, Claus"]
[Result "0-1"]
[WhiteElo "1344"]
[BlackElo "1318"]
[PlyCount "92"]
[EventDate "2005.??.??"]
[SourceDate "2005.09.07"]

1. e4 e5 2. d4 Nc6 3. d5 Nce7 4. Bg5 d6 5. Bc4 a6 6. Qf3 Qd7 7. h3 h6 8. Bxe7
Bxe7 9. Ne2 Nf6 10. Nbc3 O-O 11. g4 Nh7 12. O-O-O Bh4 13. Ng3 g6 14. Rhg1 Qe7
15. Nge2 Bd7 16. Qg2 Rae8 17. Rdf1 Bg5+ 18. f4 exf4 19. Nxf4 Nf6 20. Bd3 Qe5
21. Qg3 Nh7 22. h4 Bxf4+ 23. Rxf4 Qg7 24. g5 h5 25. Nd1 Re7 26. Rgf1 Qe5 27.
Qf2 b5 28. Ne3 a5 29. Qe1 b4 30. Nc4 Qd4 31. Nxa5 Ra8 32. Nb3 Qb6 33. Qf2 Qxf2
34. R1xf2 Rxa2 35. Kb1 Ra8 36. Nd4 Rb8 37. Nc6 Bxc6 38. dxc6 Nf8 39. Bc4 Ne6
40. Rf6 Kg7 41. Bd5 Rf8 42. R2f3 Nc5 43. Re3 Ne6 44. e5 Nd8 45. exd6 Rxe3 46.
dxc7 Ne6 0-1

[Event "Rodovremesterskabet Gruppe C 2005"]
[Site "Rodovre"]
[Date "2005.09.27"]
[Round "4"]
[White "Lindberg, Ole"]
[Black "Rugaard, Michael R"]
[Result "0-1"]
[WhiteElo "1178"]
[BlackElo "1300"]
[PlyCount "96"]
[EventDate "2005.??.??"]
[SourceDate "2005.09.07"]

1. e4 c5 2. Nf3 e6 3. c3 a6 4. d4 Be7 5. d5 d6 6. dxe6 Bxe6 7. Bf4 Nc6 8. Qd2
b5 9. Ng5 Qd7 10. Be2 Nf6 11. a4 b4 12. Qe3 Ng4 13. Bxg4 Bxg4 14. Nd2 Be6 15.
Nxe6 fxe6 16. Nc4 Qc7 17. Rd1 e5 18. Bg5 Rd8 19. Bxe7 Qxe7 20. Nxd6+ Rxd6 21.
O-O O-O 22. Rde1 Rd7 23. Qe2 a5 24. Qc4+ Kh8 25. Re3 Rd2 26. Qb5 Qd6 27. Qa6 h6
28. Rg3 Rf6 29. Qc8+ Qf8 30. Qxf8+ Rxf8 31. cxb4 cxb4 32. b3 Nd4 33. Re3 Rb2
34. Ree1 Nxb3 35. f3 Nd4 36. Rd1 Ra2 37. f4 Ne2+ 38. Kh1 Nxf4 39. g3 Ng6 40.
Rxf8+ Nxf8 41. Rd8 Kg8 42. Rd5 Rxa4 43. Rxe5 b3 44. Rb5 Rb4 45. Rxa5 b2 46. e5
b1=Q+ 47. Kg2 Qf5 48. h4 Rb2+ 0-1

[Event "Rodovremesterskabet Gruppe C 2005"]
[Site "Rodovre"]
[Date "2005.09.27"]
[Round "4"]
[White "Hviid, Jens Carl"]
[Black "Opstrup, Niels"]
[Result "1/2-1/2"]
[WhiteElo "1409"]
[BlackElo "1096"]
[PlyCount "62"]
[EventDate "2005.??.??"]
[SourceDate "2005.09.07"]

1. Nf3 d5 2. g3 Nf6 3. Bg2 e6 4. O-O c5 5. d4 cxd4 6. Nxd4 Bc5 7. c3 O-O 8. Bg5
Bxd4 9. Qxd4 Nc6 10. Qh4 Re8 11. e4 Ne5 12. Bxf6 gxf6 13. Rd1 Ng6 14. Qh5 Qe7
15. Nd2 Rd8 16. Nb3 dxe4 17. Bxe4 f5 18. Bc2 b6 19. Re1 Qc7 20. Nd4 Rxd4 21.
Bxf5 Rd6 22. Qh6 Bb7 23. Be4 Rad8 24. Bxb7 Qxb7 25. h4 Qf3 26. h5 Rd1 27. hxg6
hxg6 28. Qg5 Rxa1 29. Rxa1 Rd5 30. Qe7 Rh5 31. Qd8+ Kh7 1/2-1/2

[Event "Rodovremesterskabet Gruppe C 2005"]
[Site "Rodovre"]
[Date "2005.09.27"]
[Round "4"]
[White "Clausen, Leif"]
[Black "Nielsen, Borge2"]
[Result "0-1"]
[WhiteElo "1076"]
[BlackElo "1355"]
[PlyCount "114"]
[EventDate "2005.??.??"]
[SourceDate "2005.09.07"]

1. e4 e5 2. Nf3 Nc6 3. b3 Nf6 4. d3 d6 5. h3 Be7 6. Bb2 O-O 7. Nbd2 Be6 8. Be2
h6 9. O-O Qd7 10. c3 Nh7 11. d4 exd4 12. cxd4 d5 13. e5 f6 14. Bb5 a6 15. Bxc6
Qxc6 16. Re1 Qd7 17. Rc1 Rac8 18. Nh2 Ng5 19. f4 Nxh3+ 20. gxh3 Bxh3 21. Qf3
fxe5 22. dxe5 Rf7 23. Rc3 Bf5 24. Nhf1 Rcf8 25. Ng3 Bg4 26. Qd3 Rxf4 27. Nde4
Bb4 28. Nc5 Qf7 29. e6 Qe7 30. Qxd5 Bxc3 31. Bxc3 Kh7 32. a3 Rf3 33. Qe5 Rxg3+
34. Qxg3 Qxc5+ 35. Qe3 Qxe3+ 36. Rxe3 Re8 37. e7 h5 38. Kg2 Kg6 39. Kg3 Kf7 40.
a4 Rxe7 41. Rxe7+ Kxe7 42. Bxg7 Bd1 43. Kh4 Ke6 44. a5 Bxb3 45. Kxh5 c5 46. Kg4
Kd5 47. Kf3 Kc4 48. Bf6 Kd3 49. Kf2 Kd2 50. Kf3 c4 51. Bg5+ Kd3 52. Kf2 c3 53.
Ke1 c2 54. Bc1 Kc4 55. Ke2 Kb5 56. Bd2 c1=Q 57. Bxc1 Kxa5 0-1

[Event "Rodovremesterskabet Gruppe C 2005"]
[Site "Rodovre"]
[Date "2005.09.27"]
[Round "4"]
[White "Petersen, Steen2"]
[Black "Vestergaard, John"]
[Result "0-1"]
[WhiteElo "1241"]
[BlackElo "1291"]
[PlyCount "128"]
[EventDate "2005.??.??"]
[SourceDate "2005.09.07"]

1. c4 c5 2. e4 e5 3. d3 d6 4. Nf3 Bg4 5. Be2 h6 6. O-O Nf6 7. Nc3 Be7 8. Nd5
Nxd5 9. cxd5 O-O 10. a3 a5 11. Bd2 f5 12. Ne1 Bxe2 13. Qxe2 Bg5 14. Bxg5 Qxg5
15. Nf3 Qh5 16. Rfe1 Nd7 17. Nd2 Qg6 18. Nf3 f4 19. Nh4 Qg5 20. Nf5 Rxf5 21.
exf5 Qxf5 22. Qe4 Qf7 23. b4 Nf6 24. Qc4 Qxd5 25. Qxd5+ Nxd5 26. bxc5 dxc5 27.
Rxe5 Rd8 28. Rc1 b6 29. Rce1 Kf7 30. Re6 Kf8 31. g3 fxg3 32. fxg3 Kf7 33. Rc6
Kf8 34. Rf1+ Kg8 35. Re6 Nf6 36. Rf3 Nd5 37. Kg2 Kh7 38. g4 Kg8 39. h4 Rf8 40.
Rxf8+ Kxf8 41. Rd6 Nf4+ 42. Kf3 Ke7 43. Rxb6 Nxd3 44. Ra6 c4 45. Ke3 Ne5 46.
Kd4 Nf3+ 47. Kxc4 Nxh4 48. Rxa5 Ng6 49. Rb5 Nf8 50. Rb7+ Nd7 51. Rxd7+ Kxd7 52.
Kd5 g6 53. Ke5 h5 54. g5 Kc6 55. Kf6 h4 56. Kxg6 h3 57. Kf7 h2 58. g6 h1=Q 59.
g7 Qd5+ 60. Kf8 Qf5+ 61. Kg8 Kd6 62. Kh8 Qh5+ 63. Kg8 Ke6 64. Kf8 Qf7# 0-1

[Event "Rodovremesterskabet Gruppe C 2005"]
[Site "Rodovre"]
[Date "2005.10.04"]
[Round "5"]
[White "Hviid, Jens Carl"]
[Black "Lindberg, Ole"]
[Result "0-1"]
[WhiteElo "1409"]
[BlackElo "1178"]
[PlyCount "72"]
[EventDate "2005.??.??"]
[SourceDate "2005.09.07"]

1. d4 d5 2. c4 Nf6 3. cxd5 Nxd5 4. e4 Nf6 5. Nc3 e6 6. Bg5 Be7 7. Rc1 a6 8. Nf3
Nc6 9. e5 Nd5 10. Bxe7 Ncxe7 11. Bd3 Nf4 12. O-O Nxd3 13. Qxd3 Ng6 14. Ne4 Bd7
15. Nfg5 Bb5 16. Qf3 Qe7 17. Rxc7 Qxc7 18. Nd6+ Kf8 19. Ngxf7 Bxf1 20. Nh6+ Ke7
21. Qf7+ Kd8 22. Nxb7+ Kc8 23. Nd6+ Kb8 24. Qxe6 Bb5 25. h3 gxh6 26. Qb3 Ka7
27. a4 Bc6 28. Qe3 Bxa4 29. b3 Bb5 30. Qe4 Rad8 31. d5 Rxd6 32. exd6 Qxd6 33.
Qd4+ Kb8 34. f4 Rf8 35. g3 h5 36. Kf2 Nxf4 0-1

[Event "Rodovremesterskabet Gruppe C 2005"]
[Site "Rodovre"]
[Date "2005.10.04"]
[Round "5"]
[White "Nielsen, Borge2"]
[Black "Gemzoe, Bjorn"]
[Result "1-0"]
[WhiteElo "1355"]
[BlackElo "1344"]
[PlyCount "131"]
[EventDate "2005.??.??"]
[SourceDate "2005.09.07"]

1. e4 e6 2. Nf3 Ne7 3. Nc3 Ng6 4. d3 Be7 5. Be2 b6 6. O-O Bb7 7. Be3 c5 8. Qd2
Nc6 9. Rfe1 h6 10. Nb5 a6 11. Na3 Rc8 12. c3 Qc7 13. Nc2 O-O 14. Bf1 Nce5 15.
Nxe5 Qxe5 16. g3 f5 17. f4 Qc7 18. Bg2 d5 19. exd5 exd5 20. Re2 Bf6 21. Rc1
Rcd8 22. d4 a5 23. dxc5 bxc5 24. Qe1 Ba6 25. Rd2 Ne7 26. Qf2 d4 27. cxd4 cxd4
28. Bxd4 Bxd4 29. Rxd4 Rxd4 30. Qxd4 Rd8 31. Qe3 Bd3 32. Nd4 Qa7 33. Nc2 Qd7
34. Rd1 Qb5 35. Bf1 Re8 36. Bxd3 Qxb2 37. Bxf5 Qb5 38. Qe6+ Kh8 39. Re1 Qc5+
40. Kf1 Ng8 41. Qxe8 Qxf5 42. Ne3 Qd3+ 43. Kf2 Qd4 44. Kf3 Qc3 45. Rd1 Qa3 46.
Rd8 Qxa2 47. Nd5 Qb3+ 48. Kg4 Qd1+ 49. Kf5 Qd3+ 50. Qe4 g6+ 51. Ke5 Qa6 52. Rd6
Qa8 53. Qxg6 Qf8 54. Nf6 Qe7+ 55. Kd5 Nxf6+ 56. Qxf6+ Qxf6 57. Rxf6 Kg7 58. Ra6
h5 59. Rxa5 h4 60. g4 h3 61. Ke6 Kg6 62. f5+ Kg5 63. f6+ Kxg4 64. f7 Kf3 65.
f8=Q+ Kg2 66. Ra1 1-0

[Event "Rodovremesterskabet Gruppe C 2005"]
[Site "Rodovre"]
[Date "2005.10.04"]
[Round "5"]
[White "Petersen, Steen2"]
[Black "Pedersen, Claus"]
[Result "0-1"]
[WhiteElo "1241"]
[BlackElo "1318"]
[PlyCount "68"]
[EventDate "2005.??.??"]
[SourceDate "2005.09.07"]

1. c4 c5 2. e4 Nc6 3. d3 e6 4. Nc3 b6 5. Nf3 Be7 6. Be2 Nf6 7. O-O Bb7 8. h3
O-O 9. e5 Ne8 10. Bf4 f5 11. Qd2 Kh8 12. d4 cxd4 13. Nxd4 g5 14. Nxc6 Bxc6 15.
Be3 Ng7 16. Rad1 Rc8 17. Nb5 Bxb5 18. cxb5 Rc7 19. Rc1 f4 20. Bd4 Nf5 21. Rxc7
Qxc7 22. Rc1 Qd8 23. Bc3 Bc5 24. Kh1 Bxf2 25. Rd1 Rf7 26. Bc4 Be3 27. Qd3 Qe8
28. b4 Bf2 29. Rd2 Bg3 30. Bd4 Re7 31. a4 Be1 32. Rb2 Qh5 33. Qf3 Qxf3 34. gxf3
Nxd4 0-1

[Event "Rodovremesterskabet Gruppe C 2005"]
[Site "Rodovre"]
[Date "2005.10.04"]
[Round "5"]
[White "Vestergaard, John"]
[Black "Rugaard, Michael R"]
[Result "0-1"]
[WhiteElo "1291"]
[BlackElo "1300"]
[PlyCount "96"]
[EventDate "2005.??.??"]
[SourceDate "2005.09.07"]

1. d4 Nf6 2. c4 e6 3. Bg5 Be7 4. Nc3 b6 5. Nf3 Bb7 6. e3 O-O 7. Bd3 d6 8. O-O
Nbd7 9. Re1 e5 10. Bxf6 Bxf6 11. d5 a6 12. Bc2 Bc8 13. Qd3 g6 14. e4 Bg7 15. h3
Nc5 16. Qe3 f5 17. exf5 Bxf5 18. Bxf5 Rxf5 19. Ne4 Nd7 20. b3 Qf8 21. Qe2 Nc5
22. Nxc5 bxc5 23. Qd3 e4 24. Qxe4 Bxa1 25. Rxa1 Re8 26. Qd3 Qf6 27. Qd1 Rf4 28.
Rc1 Rfe4 29. Rc2 Qe7 30. Kf1 g5 31. g3 Qf6 32. Kg2 Qf5 33. Rc3 Re2 34. a4 a5
35. Qd3 Qf6 36. Rc2 Rxc2 37. Qxc2 Rf8 38. Qd3 h6 39. Qe3 Qf7 40. Qe2 Re8 41.
Qd2 Qf5 42. Qxa5 Qd3 43. Qxc7 Rf8 44. Nh2 Qc2 45. Nf3 Qxb3 46. Nh2 Qxc4 47.
Qxd6 Qe4+ 48. Kg1 Qe1+ 0-1

[Event "Rodovremesterskabet Gruppe C 2005"]
[Site "Rodovre"]
[Date "2005.10.11"]
[Round "6"]
[White "Gemzoe, Bjorn"]
[Black "Vestergaard, John"]
[Result "1-0"]
[WhiteElo "1344"]
[BlackElo "1291"]
[PlyCount "80"]
[EventDate "2005.??.??"]
[SourceDate "2005.09.07"]

1. e4 e5 2. d4 exd4 3. Qxd4 Nc6 4. Qe3 b6 5. Nc3 Bc5 6. Qg3 g6 7. Bg5 f6 8. Bf4
d6 9. O-O-O g5 10. Be3 Bxe3+ 11. fxe3 a6 12. h4 h6 13. Be2 Be6 14. Bh5+ Kd7 15.
Nf3 Kc8 16. Nd4 Nxd4 17. exd4 Ne7 18. Rhf1 Rf8 19. Bf3 Ra7 20. h5 f5 21. d5
fxe4 22. Bxe4 Rxf1 23. Rxf1 Bd7 24. Rf7 Kb7 25. Qf2 Ra8 26. Qf6 Ng8 27. Qg7 Bg4
28. Bf3 Bxf3 29. gxf3 Rc8 30. Ne4 Kb8 31. Rd7 Qe8 32. b3 Qf8 33. Qc3 Qf4+ 34.
Kb2 g4 35. Nd2 g3 36. Rg7 Qh4 37. Nf1 Qxh5 38. Nxg3 Qe5 39. Qxe5 dxe5 40. Ne4
Kb7 1-0

[Event "Rodovremesterskabet Gruppe C 2005"]
[Site "Rodovre"]
[Date "2005.10.11"]
[Round "6"]
[White "Hviid, Jens Carl"]
[Black "Nielsen, Borge2"]
[Result "0-1"]
[WhiteElo "1409"]
[BlackElo "1355"]
[PlyCount "50"]
[EventDate "2005.??.??"]
[SourceDate "2005.09.07"]

1. c4 Nf6 2. Nc3 g6 3. g3 Bg7 4. Bg2 O-O 5. Nf3 c6 6. O-O d6 7. d4 d5 8. cxd5
cxd5 9. Bd2 Nc6 10. e3 Bg4 11. Qc1 Rc8 12. Qe1 Qd7 13. Ne5 Nxe5 14. dxe5 Ne8
15. Nxd5 Bxe5 16. Rc1 Nf6 17. Nxf6+ Bxf6 18. Bc3 Bxc3 19. Rxc3 Rxc3 20. Qxc3
Rc8 21. Qb4 b6 22. h4 Rc2 23. f3 Bh3 24. Rf2 Qd1+ 25. Bf1 Rxf2 0-1

[Event "Rodovremesterskabet Gruppe C 2005"]
[Site "Rodovre"]
[Date "2005.10.11"]
[Round "6"]
[White "Opstrup, Niels"]
[Black "Petersen, Steen2"]
[Result "1-0"]
[WhiteElo "1096"]
[BlackElo "1241"]
[PlyCount "79"]
[EventDate "2005.??.??"]
[SourceDate "2005.09.07"]

1. d4 Nf6 2. c4 e6 3. Nc3 d5 4. e3 b6 5. cxd5 exd5 6. Bd3 Bb4 7. a3 Bxc3+ 8.
bxc3 O-O 9. Qc2 Bb7 10. Nf3 h6 11. O-O Nbd7 12. Re1 Re8 13. a4 a5 14. Ba3 Ne4
15. Rac1 Ba6 16. c4 Ndf6 17. h3 Rc8 18. Ne5 c5 19. Bb2 cxd4 20. Bxd4 Nc5 21.
Qa2 Nxd3 22. Nxd3 Bxc4 23. Qa3 Bxd3 24. Qxd3 Re6 25. Qb5 Rb8 26. Red1 Qe8 27.
Rb1 Rd6 28. Bxf6 gxf6 29. Rxd5 Rxd5 30. Qxd5 Qxa4 31. Qd6 Rb7 32. Qxf6 b5 33.
Rc1 Kh7 34. Rc8 Qd1+ 35. Kh2 Qd6+ 36. Qxd6 Kg7 37. Qe5+ f6 38. Qg3+ Kf7 39.
Qg8+ Ke7 40. Qh7+ 1-0